Представление документа в формате RUSMARC

ПолеНазваниеЗначение
  Тип записи a
  Библиографический уровень a
001 Контрольный номер RU/CBS_Ul/BASE/470831019
005 Дата корректировки 20240209175144.4
100 Данные общей обработки __
a Данные общей обработки 20141202d2014 ||| 0rusy0189 ca
101 Язык документа 0_
a Язык текста rus
102 Страна публикации __
a Страна публикации RU
105 Кодированные данные (монография) __
a Кодированные данные (монография) y###||||000|y
181 Поле кодированных данных: вид содержания _1
a Код вида содержания (ISBD) i#
b Код характеристики содержания (ISBD) #xxe##
d i
g x
h x
i e
182 Поле кодированных данных: тип средства _1
a Код типа средства (ISBD) n
2 Код системы (источник кода, отличный от ISBD) isbdmedia
200 Заглавие и сведения об ответственности 1_
a Заглавие "Что такое успех?"
b Общее обозначение материала Текст
e Сведения, относящиеся к заглавию [круглый стол журнала "Москва", в котором приняли участие как известные литераторы, так и начинающие авторы]
w Текст (визуальный) : непосредственный
203 Вид содержания и тип средства __
a Вид содержания Текст
b Характеристика содержания визуальный
c Тип средства непосредственный
225 Серия 0_
a Серия Рубрика газеты/журнала
300 Общие примечания __
a Общие примечания Ограничения по возрасту 16+
461 Уровень набора _0
1 2000
a Москва
463 Уровень физической единицы _0
1 001RU/CBS_Ul/BASE/470829824
1 2000
a №11
v С. 189-199
1 210
d 2014
610 Ключевые слова 0_
a Ключевые слова современная литература
a Ключевые слова писательство
a Ключевые слова успех
686 Индексы других классификаций __
a Классификационный индекс 83.3(2Рос=Рус)6
2 Код системы ББК
686 Индексы других классификаций __
a Классификационный индекс 76.02
2 Код системы rubbk
801 Источник записи _0
a Страна RU
b Организация МБУК ЦБС г. Ульяновска
c Дата составления 20141202
g Правила каталогизации RCR
801 Источник записи _1
a Страна RU
b Организация МБУК ЦБС г. Ульяновска
c Дата составления 20141202
g Правила каталогизации RCR
901 Тип документа __
t Тип документа b
w Контрольный № источника RU/CBS_Ul/BASE/470829824
910 Корректоры записи __
a Корректор записи admin2
938 Служебная информация __
a Имя БД period